Un Somni / d'August Strindberg ; traducció directa del suec i pròleg de Jem Cabanes
Descripción Física:
94 p. ; 18 cm
Colección:
Biblioteca teatral ; 24
Otros Autores:
Cabanes, Jem, tr. i pr
MARC
| LEADER | 00000nam a2200000Ia 4500 | ||
|---|---|---|---|
| 001 | 8382 | ||
| 008 | 160829s1984 xx 000 0 cat d | ||
| 080 | |a L-1-213 | ||
| 100 | |a Strindberg, August |9 35329 | ||
| 245 | |a Un Somni / d'August Strindberg ; traducció directa del suec i pròleg de Jem Cabanes | ||
| 260 | |a Barcelona : |b Institut del Teatre de la Diputació de Barcelona : |b Ed. del Mall, |c 1984 | ||
| 300 | |a 94 p. ; |c 18 cm | ||
| 490 | |a Biblioteca teatral ; 24 | ||
| 700 | |a Cabanes, Jem, tr. i pr. |9 35330 | ||
| 710 | 1 | |a Institut del Teatre (Barcelona, Catalunya) |9 52662 | |
| 901 | |a Arxiu | ||
| 942 | |n 1 | ||
| 952 | |0 0 |1 0 |4 0 |6 L1213 |7 1 |9 46855 |a Arxiu |b Arxiu |d 2016-12-01 |l 0 |o L-1-213 |p 8382 |r 2016-12-01 00:00:00 |w 2016-12-01 |y ARXIU | ||
| 999 | |c 50648 |d 50648 | ||